000
00467nam a2200157Ia 4500
008
100122s9999 xx 000 0 und d
082
_b
61052
_a
823.08
100
_a
जोशी श्रीकृष्ण जनार्दन
245
_a
नावनिशाणी
250
_a
2
260
_b
गीता एजन्सीज
_c
2001
300
_a
224
630
_a
नावनिशाणी
730
_a
नावनिशाणी
942
_c
BOOK
999
_c
435959
_d
435956